| 000 | 01029cac a22002891u 4500 | ||
|---|---|---|---|
| 090 | _c5573 | ||
| 008 | 081112t1986 xxu||||| |||| 00| 0 eng d | ||
| 010 | _a84018362 | ||
| 020 | _a0847672581 (pbk.) : | ||
| 020 | _a0847672573 (hard) : | ||
| 082 | 0 | 0 |
_a172.24 _bCOH |
| 100 | _aCohen, Avner.[ed.] | ||
| 245 | 0 | 0 |
_aNuclear weapons and the future of humanity : _bthe fundamental questions / _cedited by Avner Cohen and Steven Lee. |
| 260 |
_aTotowa, N.J. : _bRowman & Allanheld, _cc.1986. |
||
| 300 |
_axii, 496 p. ; _c24 cm. |
||
| 440 | 0 | _aPhilosophy and society series | |
| 500 | _aDistributer : Al-Ahram. | ||
| 504 | _aIncludes bibliographies and indexes. | ||
| 511 | _aCatalogued By: Mahitab. | ||
| 650 | 0 |
_aNuclear weapons _xMoral and ethical aspects. |
|
| 650 | 0 |
_aNuclear warfare _xMoral and ethical aspects. |
|
| 650 | 0 | _aAntinuclear movement. | |
| 650 | 0 |
_aWorld politics _y1975-1985. |
|
| 700 | 1 | _aLee, Steven. | |
| 942 |
_cBB _k172.24COH _2ddc |
||
| 999 |
_c5573 _d5573 |
||